00274nam a2200097Ia 4500008004000000082001300040100002100053245004100074260005300115300000800168210210b1978 xxu||||| |||| 00| 0 eng d a364 GIBS aGIBBONS (Don C). aSociety, crime and criminal careers. aNDbPrentice-Hall of India Private Limitedc1978 a582